| 000 | 00469nam a2200181Ia 4500 | ||
|---|---|---|---|
| 008 | 140306s9999 xx 000 0 und d | ||
| 020 | _a9788183873710 | ||
| 041 | _aeng | ||
| 082 |
_a658.15 _bARU/FI |
||
| 100 | _aArunachalam, P | ||
| 245 | _aFinancial Business Intelligence and management | ||
| 250 | _a1st | ||
| 260 |
_aNew Delhi _bSerials Publications _c2010 |
||
| 300 | _a322 | ||
| 365 | _bRs.1100/- | ||
| 650 | _aGlobal Financial Crisis | ||
| 942 |
_2ddc _cBK |
||
| 999 |
_c188399 _d188399 |
||